Marques de vêtements (logos) - Statistiques

Statistiques générales
  • Ce quiz a été pris 2 688 fois
  • Le résultat moyen est 12 sur 16
Statistiques - réponses
Par images Réponse % Correct
Lacoste
100%
Nike
100%
Puma
98%
New Balance
95%
Fila
93%
Chanel
91%
Louis Vuitton
91%
Yves Saint Laurent
90%
Calvin Klein
89%
Gucci
86%
Tommy Hilfiger
85%
Champion
82%
ellesse
67%
Carhartt
51%
Lyle and Scott
10%
Garcia
6%
Aucun quiz correspondant
Distribution des résultats
% des personnes avec chaque résultat
Percentile par nombre de réponses
Votre historique - résultats
Vous n’avez pas pris ce quiz